000 00549nam a2200169Ia 4500
008 090201s9999 xx 000 0 und d
010 _aKPL-27927
040 _bमराठी
041 _aमराठी
082 _a27330
_b27927
100 _aदु. आ. तिवारी
245 _aझांशीची संग्रामदेवता
_cदु. आ. तिवारी
260 _c2004
_bअ.ब.क.
300 _a60
_bमोठा
600 _aझांशीची संग्रामदेवता
942 _cBOOK
999 _c226258
_d226258